Náčelník Crazy horse /

Salvato in:
Dettagli Bibliografici
Autore principale: PÜSCHEL, Walter (Autore)
Altri autori: DIAMANTOVÁ, Elena (Traduttore)
Natura: Libro
Lingua:slovacco
Pubblicazione: Bratislava Mladé letá 1989
Edizione:1. vydanie
Serie:STOPY
Tags: Aggiungi Tag
Nessun Tag, puoi essere il primo ad aggiungerne!!

MARC

LEADER 00000nam a22000003a 4500
001 0101537
003 SK-STU
005 20230425150941.5
007 ta
008 230425s ----xo-----e------000-0-----d
040 |a STU  |b slo 
041 0 |a slo 
044 |a xo 
100 1 |a PÜSCHEL, Walter  |4 aut 
245 1 0 |a Náčelník Crazy horse /  |c aut. Walter PÜSCHEL ; prekl. Elena DIAMANTOVÁ 
250 |a 1. vydanie 
260 |a Bratislava  |b Mladé letá  |c 1989 
300 |a 223 s. 
490 0 |a STOPY 
700 1 |a DIAMANTOVÁ, Elena  |4 trl 
996 |c I* 4SOA13877  |l I  |s A  |a 24  |w 0101537_0001